Role-playing for supervisors /
Guardado en:
| Autor Principal: | |
|---|---|
| Formato: | Libro |
| Idioma: | English |
| Publicado: |
Oxford :
Pergamon Press,
c1969.
|
| Edición: | 1st ed. |
| Series: | The Commonwealth and international library. Supervisory studies
|
| Materias: | |
| Etiquetas: |
Agregar Etiqueta
Sin Etiquetas, Sea el primero en etiquetar este registro!
|
| LEADER | 00856nam a22002535a 4500 | ||
|---|---|---|---|
| 001 | EIQ.libpla001461 | ||
| 008 | 760422s1969####enk######b####001#0#eng#d | ||
| 005 | 20061019182832.0 | ||
| 245 | 1 | 0 | |a Role-playing for supervisors / |c by J. Maxwell Towers. |
| 250 | |a 1st ed. | ||
| 260 | |a Oxford : |b Pergamon Press, |c c1969. | ||
| 300 | |a xii, 295 p. ; |c 21 cm. | ||
| 490 | 0 | |a The Commonwealth and international library. Supervisory studies | |
| 504 | |a Incluye referencias bibliográficas e índice. | ||
| 020 | |a 0080067115 | ||
| 100 | 1 | |a Towers, J. Maxwell. | |
| 082 | 0 | 0 | |a 658.3/02 |
| 650 | 4 | |a Supervisores |x Estudio de casos. | |
| 650 | 4 | |a Supervisores |x Juego de roles. | |
| 650 | 0 | |a Supervisors |x Case studies. | |
| 650 | 0 | |a Supervisors |x Role playing. | |
| 010 | |a 79093125 | ||
| 040 | |a DLC |c DLC |d AR-BbSID | ||
| 859 | |a AR-BbSID |b BIB. PLAPIQUI |h 658.312 |i T 656 |p 3845 | ||
